Países que se llevan menos km² entre ellos - Estadísticas

Estadísticas generales
  • Esta prueba ha sido intentada 11 veces
  • La puntuación promedio es 10 de 16
Estadísticas de respuestas
Diferencia de km País % Correcto
1 1’51 Mónaco
90%
4 19 Mónaco
90%
2 5 Nauru
80%
4 19 Nauru
80%
1 1’51 Ciudad del Vaticano
70%
8 18 Malta
70%
2 5 Tuvalu
70%
6 9 Andorra
60%
8 18 Maldivas
60%
5 13 Barbados
50%
6 9 Palaos
50%
7 4 Tonga
50%
3 13 Antigua y Barbuda
40%
5 13 Antigua y Barbuda
40%
7 4 Dominica
30%
3 13 Seychelles
30%
No se encontraron pruebas coincidentes
Distribución de puntuación
Porcentaje de gente con cada puntuación
Porcentaje por número respondido
Historial de tus puntuaciones
No has intentado esta prueba.